Text book of fluid mechanics (Record no. 10484)

000 -LEADER
fixed length control field 00445nam a22001817a 4500
001 - CONTROL NUMBER
control field 10484
003 - CONTROL NUMBER IDENTIFIER
control field BD-DhUET
008 - FIXED-LENGTH DATA ELEMENTS--GENERAL INFORMATION
fixed length control field 150207b xxu||||| |||| 00| 0 eng d
040 ## - CATALOGING SOURCE
Original cataloging agency DLC
Transcribing agency DLC
Modifying agency BD-DhUET
082 ## - DEWEY DECIMAL CLASSIFICATION NUMBER
Classification number 620.1113
Item number KHU/1987
100 ## - MAIN ENTRY--PERSONAL NAME
Personal name Khurmi, R. S.
245 ## - TITLE STATEMENT
Title Text book of fluid mechanics
250 ## - EDITION STATEMENT
Edition statement 14th ed.
260 ## - PUBLICATION, DISTRIBUTION, ETC. (IMPRINT)
Place of publication, distribution, etc. New York
Name of publisher, distributor, etc. S.Chand & Company
Date of publication, distribution, etc. 1987
300 ## - PHYSICAL DESCRIPTION
Extent 639p.
650 #0 - SUBJECT ADDED ENTRY--TOPICAL TERM
Topical term or geographic name as entry element Mechanics of Fluids
942 ## - ADDED ENTRY ELEMENTS (KOHA)
Koha item type General Book
Holdings
Koha item type Koha issues (times borrowed) Sublocation or collection (holding branch) Price effective from Shelving location Not for loan Piece designation (barcode) Damaged status Koha full call number Location (home branch) Withdrawn status Koha date last seen Koha normalized classification for sorting Lost status Source of classification or shelving scheme Copy number Date acquired Koha date last borrowed
General Book2Central Library, BUET2015-02-07Circulation section 67950 620.1113/KHU/1987Central Library, BUET 2021-10-03620_111300000000000_KHU_1987  12015-02-072019-10-15
General Book Central Library, BUET2015-02-07Circulation section 67948 620.1113/KHU/1987Central Library, BUET 2016-12-17620_111300000000000_KHU_1987  22015-02-07 
General Book1Central Library, BUET2015-04-22Circulation section 67946 620.1113/KHU/1987Central Library, BUET 2019-04-24620_111300000000000_KHU_1987  32015-04-222017-08-19